| 000 | 00786nam a2200205Ia 4500 | ||
|---|---|---|---|
| 003 | GCL | ||
| 005 | 20240530103520.0 | ||
| 008 | 140319s9999 xx 000 0 ara d | ||
| 040 |
_aGCL / _cGCL |
||
| 082 | 0 | 4 |
_aق _b953.08 _bم و |
| 100 | 1 | _aمحمد ماهر حمادة | |
| 245 | 1 | 0 |
_aالوثائق السياسية والادارية للعصر المملوكى : 656 - 922 هـ - 1258 - 1516 م : دراسة ونصوص / _cمحمد ماهر حمادة |
| 260 |
_aبيروت : _bمؤسسة الرسالة ، _c1980 |
||
| 300 |
_a540 ص ؛ _c24 سم |
||
| 490 | 0 |
_aسلسلة وثائق الاسلام ؛ _v6 |
|
| 650 | 0 | 4 | _aمصر - تاريخ |
| 650 | 0 | 4 | _aالدولة الاسلامية - تاريخ |
| 650 | 0 | 4 | _aالعصر المملوكى - تاريخ |
| 942 |
_2ddc _cBK |
||
| 999 |
_c40183 _d40183 |
||